Normal view
MARC view
- Pacayra, Eva E.
Entry Personal Name
001 - CONTROL NUMBER
- control field: 59474
003 - CONTROL NUMBER IDENTIFIER
- control field: OSt
005 - DATE AND TIME OF LATEST TRANSACTION
- control field: 20240830095052.0
008 - FIXED-LENGTH DATA ELEMENTS
- fixed length control field: 240830|| aca||aabn | a|a d
040 ## - CATALOGING SOURCE
- Original cataloging agency: OSt
- Transcribing agency: OSt
100 ## - HEADING--PERSONAL NAME
- Personal name: Pacayra, Eva E.
- Relator term: author.
670 ## - SOURCE DATA FOUND
- Source citation: Work cat.: (OSt): Pacayra, Eva E. author., Development of family core-based intervention program on the trauma symptoms among family members of victims of drug related violence : , 2020.
